| 000 | 00376cam a22001097a 4500 | ||
|---|---|---|---|
| 008 | 180718b1980 xxu||||| |||| 00| 0 eng d | ||
| 082 | _aT412x54 In2 | ||
| 245 |
_aReport on the sale by auctions in 1978 of gold held on government account _cby Ministry of Finance, India |
||
| 260 |
_aNew Delhi _bGovernment of India _c1980 |
||
| 300 | _a116+p. | ||
| 700 | _aIndia.Ministry of Finance | ||
| 999 |
_c498083 _d498083 |
||